Cold War - History Quiz! - Statistics

General Stats
  • This quiz has been taken 104 times
  • The average score is 11 of 15
Answer Stats
Question Answer % Correct
Which Country wasn't apart of the Cold War? Brazil
100%
What Plan was put in place to help counties in Europe Start Over? Marshall Plan
100%
When Did the Cold War End? 26 December 1991
86%
What was the name of the first nuclear bomb? Atomic Bomb
86%
Which Prime Minister came after Churchill? Clement Attlee
86%
What Bomb Was developed After The Atomic Bomb and was more powerful? Hydrogen Bomb
86%
Who Was after Stalin as leader of the USSR? Nikita Khrushchev
86%
Which Of these countries was NOT included in the proxy war? Peru
86%
What Were the countries Stalin acquired after WW2 Known as? Satellite state
86%
What did Stalin say in response to the Marshal Plan? Dollar Imperialism
71%
Which Leader Did NOT attend the Tahran Conference? Harry Truman
71%
What Was the Code name for the Tahran Conference? Eureka
57%
What Was the name of the 2nd conference? Yalta
57%
What Exact Date did Joseph Stalin die? 05 Mar 1953
43%
How Many people are estimated to have died because of the Cold War? 11 Million
14%
No matching quizzes found
Score Distribution
Percent of People with Each Score
Percentile by Number Answered
Your Score History
You have not taken this quiz